[Event "Vlissingen op 25th"]
[Site "Vlissingen"]
[Date "2023.08.06"]
[Round "2"]
[White "Verhoeven, Robin"]
[Black "Van Delft, Merijn"]
[Result "0-1"]
[WhiteElo "1992"]
[BlackElo "2360"]
[PlyCount "52"]
[EventDate "2023.08.05"]
[EventType "swiss"]
[EventRounds "9"]
[EventCountry "NED"]
[SourceTitle "CBM 215 Extra"]
[Source "ChessBase"]
[SourceDate "2023.09.30"]
[SourceVersion "1"]
[SourceVersionDate "2023.09.30"]
[SourceQuality "1"]

1. e4 c5 2. Nf3 d6 3. d4 cxd4 4. Nxd4 Nf6 5. Nc3 a6 6. Bg5 Nbd7 7. f4 Qc7 8. Qf3 b5 9. 0-0-0 Bb7 10. Bd3 Qb6 11. Bxf6 Nxf6 12. Rhe1 g6 13. Qe2 Bh6 14. Qf3 0-0 15. Nde2 b4 16. Nd5 Nxd5 17. exd5 Qc5 18. Qe4 e5 19. Bc4 Rfe8 20. Kb1 Rac8 21. Bb3 exf4 22. Qf3 Re3 23. Qf2 Rce8 24. Ba4 R8e5 25. Qh4 Bg5 26. Qg4 Bc8 0-1

[Event "Dieren op"]
[Site "Dieren"]
[Date "2023.07.29"]
[Round "5"]
[White "Van Delft, Merijn"]
[Black "Hendriks, Willy"]
[Result "1/2-1/2"]
[WhiteElo "2369"]
[BlackElo "2420"]
[PlyCount "89"]
[EventDate "2023.07.25"]
[EventType "swiss"]
[EventRounds "9"]
[EventCountry "NED"]
[SourceTitle "CBM 215 Extra"]
[Source "ChessBase"]
[SourceDate "2023.09.30"]
[SourceVersion "1"]
[SourceVersionDate "2023.09.30"]
[SourceQuality "1"]

1. e4 d6 2. d4 Nf6 3. Nc3 g6 4. Be3 c6 5. Qd2 Qa5 6. Nf3 Bg4 7. h3 Bxf3 8. gxf3 Nbd7 9. 0-0-0 Bg7 10. Kb1 0-0-0 11. h4 Kb8 12. Bh3 Nb6 13. b3 c5 14. Ne2 Qxd2 15. Rxd2 cxd4 16. Bxd4 Nh5 17. Be3 Nd7 18. Ng3 Nhf6 19. h5 Nxh5 20. Nxh5 gxh5 21. Bxd7 Rxd7 22. c4 Bf6 23. Rxh5 Rdd8 24. Rd1 b6 25. f4 Kc7 26. Rg1 Rdg8 27. Rxg8 Rxg8 28. e5 Rg1+ 29. Kc2 dxe5 30. fxe5 Bg7 31. Rxh7 Bxe5 32. Rxf7 Bf6 33. a4 Ra1 34. c5 Ra2+ 35. Kd3 Rb2 36. Bd4 Rxb3+ 37. Kc4 Rf3 38. Bxf6 Rxf6 39. Rxe7+ Kc6 40. cxb6 Rf4+ 41. Kb3 Kxb6 42. Re6+ Ka5 43. Re5+ Kb6 44. Re6+ Ka5 45. Re5+ 1/2-1/2

[Event "Benidorm op-A"]
[Site "Benidorm"]
[Date "2022.12.10"]
[Round "8"]
[White "Sarkar, Justin"]
[Black "Van Delft, Merijn"]
[Result "1-0"]
[WhiteElo "2343"]
[BlackElo "2363"]
[PlyCount "55"]
[EventDate "2022.12.03"]
[EventType "swiss"]
[EventRounds "9"]
[EventCountry "ESP"]
[SourceTitle "CBM 211 Extra"]
[Source "ChessBase"]
[SourceDate "2023.01.31"]
[SourceVersion "1"]
[SourceVersionDate "2023.01.31"]
[SourceQuality "1"]

1. d4 d5 2. c4 c6 3. Nf3 Nf6 4. Nc3 e6 5. Bg5 h6 6. Bxf6 Qxf6 7. Qb3 a5 8. e3 a4 9. Nxa4 dxc4 10. Bxc4 b5 11. Bxb5 cxb5 12. Nb6 Qd8 13. Nxa8 Qa5+ 14. Nd2 Bd7 15. d5 Qxa8 16. dxe6 fxe6 17. 0-0 Be7 18. Rfd1 Na6 19. Nf3 Nc5 20. Qc2 0-0 21. Ne5 Be8 22. Ng6 Bxg6 23. Qxg6 Bf6 24. Rac1 Na4 25. Rd7 Nb6 26. Rxg7+ Bxg7 27. Rc7 Nd5 28. Qxg7# 1-0

[Event "Benidorm op-A"]
[Site "Benidorm"]
[Date "2022.12.09"]
[Round "7"]
[White "Van Delft, Merijn"]
[Black "Rakshitta, Ravi"]
[Result "1-0"]
[WhiteElo "2363"]
[BlackElo "2242"]
[PlyCount "75"]
[EventDate "2022.12.03"]
[EventType "swiss"]
[EventRounds "9"]
[EventCountry "ESP"]
[SourceTitle "CBM 211 Extra"]
[Source "ChessBase"]
[SourceDate "2023.01.31"]
[SourceVersion "1"]
[SourceVersionDate "2023.01.31"]
[SourceQuality "1"]

1. e4 e5 2. Nf3 Nc6 3. Bb5 Nge7 4. d4 exd4 5. Nxd4 Ng6 6. Nc3 Nxd4 7. Qxd4 c6 8. Bc4 Qb6 9. Qd1 Be7 10. 0-0 0-0 11. Bb3 d6 12. Be3 Qc7 13. f4 b5 14. Qh5 Kh8 15. Rf3 Nh4 16. Rg3 Bf6 17. e5 Bd8 18. exd6 Qxd6 19. Ne4 Qd7 20. Bc5 Qf5 21. Qxf5 Bxf5 22. Bxf8 Bb6+ 23. Bc5 Bxe4 24. Bxb6 axb6 25. Bxf7 Nf5 26. Rh3 Nd4 27. Re1 Bxc2 28. Rhe3 h6 29. Re8+ Rxe8 30. Rxe8+ Kh7 31. Kf2 b4 32. Rd8 c5 33. Bg8+ Kg6 34. Rd6+ Kh5 35. Rxb6 Kg4 36. Rb7 Kxf4 37. Rc7 g5 38. Rxc5 1-0

[Event "Benidorm op-A"]
[Site "Benidorm"]
[Date "2022.12.08"]
[Round "6"]
[White "Chernikov, Vladimir"]
[Black "Van Delft, Merijn"]
[Result "1/2-1/2"]
[WhiteElo "2211"]
[BlackElo "2363"]
[PlyCount "60"]
[EventDate "2022.12.03"]
[EventType "swiss"]
[EventRounds "9"]
[EventCountry "ESP"]
[SourceTitle "CBM 211 Extra"]
[Source "ChessBase"]
[SourceDate "2023.01.31"]
[SourceVersion "1"]
[SourceVersionDate "2023.01.31"]
[SourceQuality "1"]

1. Nf3 Nf6 2. b3 d5 3. Bb2 Bf5 4. e3 e6 5. d4 Be7 6. Bd3 0-0 7. 0-0 c6 8. c4 Bxd3 9. Qxd3 Ne4 10. Nfd2 f5 11. Ba3 Bxa3 12. Nxa3 Qa5 13. Nab1 Na6 14. a3 b5 15. f3 Nxd2 16. Nxd2 bxc4 17. bxc4 Rab8 18. Rab1 Rxb1 19. Rxb1 Rb8 20. Rxb8+ Nxb8 21. cxd5 cxd5 22. Kf2 Nd7 23. Ke2 Nb6 24. Qb3 Kf7 25. f4 h6 26. Nf3 Qa6+ 27. Kf2 Nc4 28. Ne5+ Nxe5 29. fxe5 Qc6 30. h3 Kg6 1/2-1/2

[Event "NED-chT 2223"]
[Site "Netherlands"]
[Date "2022.10.08"]
[Round "2.4"]
[White "Van Delft, Merijn"]
[Black "Breukelman, Jan"]
[Result "1/2-1/2"]
[WhiteElo "2367"]
[BlackElo "2426"]
[PlyCount "82"]
[EventDate "2022.09.17"]
[EventType "team-tourn"]
[EventRounds "9"]
[EventCountry "NED"]
[SourceTitle "CBM 213 Extra"]
[Source "ChessBase"]
[SourceDate "2023.05.31"]
[SourceVersion "1"]
[SourceVersionDate "2023.05.31"]
[SourceQuality "1"]
[WhiteTeam "Apeldoorn Amevo"]
[BlackTeam "Paul Keres"]
[WhiteTeamCountry "NED"]
[BlackTeamCountry "NED"]

1. e4 c6 2. d4 d5 3. Nc3 dxe4 4. Nxe4 Nf6 5. Nxf6+ exf6 6. Be3 Bd6 7. Bd3 0-0 8. Ne2 Re8 9. 0-0 Nd7 10. c4 Nf8 11. Qc2 Bg4 12. Rfe1 Bh5 13. Ng3 Bxg3 14. hxg3 Qa5 15. Qc3 Qxc3 16. bxc3 Bg6 17. Bf1 Nd7 18. a4 a5 19. c5 Bf5 20. c4 g5 21. f3 h5 22. Kf2 Kf8 23. Ra2 Reb8 24. Be2 b6 25. cxb6 Nxb6 26. Rh1 Be6 27. Rc1 Nc8 28. Rd2 Ne7 29. Bd3 Rb4 30. Ra2 Rb3 31. Be4 Rab8 32. Bd2 f5 33. Bc2 Rb2 34. Rxb2 Rxb2 35. Bxg5 f4 36. g4 Bxc4 37. Kg1 hxg4 38. Bxf4 gxf3 39. gxf3 Bd5 40. Be4 Bxe4 41. fxe4 Rb4 1/2-1/2

[Event "EU-Cup 37th"]
[Site "Mayrhofen"]
[Date "2022.10.03"]
[Round "1.2"]
[White "Van Delft, Merijn"]
[Black "Vidit, Santosh Gujrathi"]
[Result "0-1"]
[WhiteElo "2363"]
[BlackElo "2710"]
[PlyCount "74"]
[EventDate "2022.10.03"]
[EventType "team-swiss"]
[EventRounds "7"]
[EventCountry "AUT"]
[SourceTitle "CBM 210 Extra"]
[Source "ChessBase"]
[SourceDate "2022.11.30"]
[SourceVersion "1"]
[SourceVersionDate "2022.11.30"]
[SourceQuality "1"]
[WhiteTeam "Apeldoorn Amevo"]
[BlackTeam "Novy Bor"]
[WhiteTeamCountry "NED"]
[BlackTeamCountry "CZE"]

1. e4 c5 2. Nf3 e6 3. d4 cxd4 4. Nxd4 Nc6 5. Nc3 a6 6. Nxc6 bxc6 7. Bd3 d5 8. 0-0 Nf6 9. Qf3 Be7 10. Qg3 Nh5 11. Qf3 Nf6 12. Qg3 0-0 13. Bh6 Ne8 14. Bf4 f6 15. Rad1 Kh8 16. Bc1 Nd6 17. Kh1 Nf7 18. Rfe1 d4 19. Ne2 e5 20. c3 c5 21. b4 dxc3 22. Bxa6 Nd6 23. Bxc8 c2 24. Rxd6 Qxd6 25. Bb7 Qd1 26. f3 cxb4 27. Bd5 Rfd8 28. Bb3 Bc5 29. h4 Qxe1+ 30. Qxe1 Rd1 31. Qxd1 cxd1Q+ 32. Bxd1 Rxa2 33. h5 b3 34. Bxb3 Rxe2 35. Kh2 Bb4 36. Bf7 Re1 37. Bb2 Rb1 0-1

[Event "Maia op 6th"]
[Site "Maia"]
[Date "2022.08.28"]
[Round "4"]
[White "Van Delft, Merijn"]
[Black "Almeida Quintana, Omar"]
[Result "0-1"]
[WhiteElo "2380"]
[BlackElo "2513"]
[PlyCount "70"]
[EventDate "2022.08.26"]
[EventType "swiss"]
[EventRounds "9"]
[EventCountry "POR"]
[SourceTitle "CBM 210 Extra"]
[Source "ChessBase"]
[SourceDate "2022.11.30"]
[SourceVersion "1"]
[SourceVersionDate "2022.11.30"]
[SourceQuality "1"]

1. e4 d6 2. d4 Nf6 3. Nc3 e5 4. Nf3 Nbd7 5. Bc4 Be7 6. a4 0-0 7. 0-0 c6 8. h3 h6 9. Re1 Re8 10. Be3 Bf8 11. d5 Nb6 12. Bf1 cxd5 13. exd5 a5 14. Nh2 Bd7 15. Ng4 Nxg4 16. hxg4 Rc8 17. Nb5 Nc4 18. Bc1 e4 19. b3 Ne5 20. Rxe4 Qh4 21. Bf4 Nxg4 22. Bg3 Qxg3 23. fxg3 Rxe4 24. Bd3 Re5 25. Nd4 Be7 26. Bb5 Bg5 27. Bxd7 Be3+ 28. Kf1 Nh2+ 29. Ke2 Bxd4+ 30. Kd3 Bxa1 31. Qxa1 Rxd5+ 32. Ke4 Rcc5 33. Qh1 Rh5 34. Qd1 Rhe5+ 35. Kf4 g5# 0-1

[Event "Vlissingen HZ op 24th"]
[Site "Vlissingen"]
[Date "2022.08.09"]
[Round "5"]
[White "Grutter, Tim"]
[Black "Van Delft, Merijn"]
[Result "1-0"]
[WhiteElo "2246"]
[BlackElo "2380"]
[PlyCount "81"]
[EventDate "2022.08.06"]
[EventType "swiss"]
[EventRounds "9"]
[EventCountry "NED"]
[SourceTitle "CBM 209 Extra"]
[Source "ChessBase"]
[SourceDate "2022.09.30"]
[SourceVersion "1"]
[SourceVersionDate "2022.09.30"]
[SourceQuality "1"]

1. e4 c5 2. Nf3 d6 3. d4 cxd4 4. Nxd4 Nf6 5. Nc3 a6 6. g3 e5 7. Nb3 Be7 8. Bg2 0-0 9. 0-0 a5 10. a4 Bg4 11. Bf3 Be6 12. Re1 Na6 13. Nd2 Nb4 14. Nf1 Rc8 15. Ne3 Re8 16. Bg2 Bf8 17. Re2 Qb6 18. Ncd5 Nfxd5 19. exd5 Bd7 20. b3 Qd4 21. Ba3 b5 22. axb5 Bxb5 23. c4 Bd7 24. Bxb4 axb4 25. Rea2 Qb6 26. Ra7 Rc7 27. Rxc7 Qxc7 28. Qd2 Rb8 29. Ra6 g6 30. Qa2 f5 31. Ra7 Rb7 32. Rxb7 Qxb7 33. Qa5 Bh6 34. Nc2 Bd2 35. c5 dxc5 36. Qd8+ Kf7 37. d6 e4 38. Qe7+ Kg8 39. Bf1 Bc3 40. Bc4+ Kh8 41. Qf8# 1-0

[Event "Vlissingen HZ op 24th"]
[Site "Vlissingen"]
[Date "2022.08.07"]
[Round "2"]
[White "Van Delft, Merijn"]
[Black "Riksen, John"]
[Result "1-0"]
[WhiteElo "2380"]
[BlackElo "2014"]
[PlyCount "35"]
[EventDate "2022.08.06"]
[EventType "swiss"]
[EventRounds "9"]
[EventCountry "NED"]
[SourceTitle "CBM 209 Extra"]
[Source "ChessBase"]
[SourceDate "2022.09.30"]
[SourceVersion "1"]
[SourceVersionDate "2022.09.30"]
[SourceQuality "1"]

1. e4 d6 2. d4 Nf6 3. Nc3 e5 4. Nf3 Nc6 5. Bb5 Bd7 6. Bxc6 Bxc6 7. Qd3 Qe7 8. 0-0 a6 9. Re1 h6 10. b3 g5 11. Ba3 g4 12. Nxe5 Bb5 13. Nc4 Qd7 14. e5 dxe5 15. Rxe5+ Kd8 16. Bxf8 Rxf8 17. Qe3 Rh8 18. Qf4 1-0

[Event "NED-chT 1920"]
[Site "Netherlands"]
[Date "2019.12.14"]
[Round "4.10"]
[White "Roobol, Martin"]
[Black "Van Delft, Merijn"]
[Result "0-1"]
[WhiteElo "2280"]
[BlackElo "2348"]
[PlyCount "84"]
[EventDate "2019.09.28"]
[EventType "team-tourn"]
[EventRounds "9"]
[EventCountry "NED"]
[SourceTitle "EXT 2022"]
[Source "ChessBase"]
[SourceDate "2021.10.06"]
[SourceVersion "1"]
[SourceVersionDate "2021.10.06"]
[SourceQuality "1"]
[WhiteTeam "Leiden LSG"]
[BlackTeam "Apeldoorn MuConsult"]
[WhiteTeamCountry "NED"]
[BlackTeamCountry "NED"]

1. e4 c5 2. Nf3 d6 3. d4 cxd4 4. Nxd4 Nf6 5. Nc3 a6 6. f3 h5 7. Be3 e6 8. Qd2 Nbd7 9. 0-0-0 b5 10. a3 Bb7 11. Kb1 Rc8 12. Be2 Ne5 13. Rhe1 Be7 14. h3 h4 15. Bg1 0-0 16. Bh2 Qb6 17. g4 hxg3 18. Bxg3 Rfd8 19. Rg1 Ne8 20. Bf2 Qc7 21. Rg2 Bf6 22. Rdg1 Kf8 23. h4 d5 24. f4 dxe4 25. fxe5 Qxe5 26. Rg5 Rxd4 27. Bxd4 Qxd4 28. Qxd4 Bxd4 29. Rd1 Bf6 30. Rg3 Bxh4 31. Rh3 g5 32. Rd7 Rc7 33. Rd8 Ke7 34. Rb8 f5 35. a4 bxa4 36. Nxa4 f4 37. Rb3 Bd5 38. c4 f3 39. Bxf3 exf3 40. cxd5 f2 41. Rf3 g4 42. Rf4 Bg3 0-1